00605nam a2200205Ia 4500003000400000005001700004008004100021020001900062040000700081041000800088082001600096100003100112245002400143260003800167300000900205650002200214942001300236999001900249952013100268OSt20250915101652.0250729s2005 xx 000 0 und d a978-8170243403 cAL aeng a372.25 BHAS aBhatta Ganesha H S9222520 aSecondary Education aNew DelhibA P H Publishingc2005 a339p aEducation9222521 2ddccBED c235501d235501 00104070aALbALd2025-07-29eSita Book Houseg150.00l0o372.25 BHASpBED00820r2025-07-29 16:54:02v150.00w2025-07-29yBK